[Event "Bochumer SV 1 - SV Wattenscheid 1"]
[Site "Oberliga NRW 2017/2018"]
[Date "2017.09.17"]
[Round "1.1"]
[White "Koscielski, Janusz"]
[Black "Zaitsev, Mikhail"]
[Result "1/2-1/2"]
[WhiteElo "2280"]
[BlackElo "2422"]
[PlyCount "36"]
[EventDate "2017.??.??"]
[WhiteTeam "SV Wattenscheid 1"]
[BlackTeam "Bochumer SV 1"]

1. e4 e5 2. Nf3 Nc6 3. Nc3 Nf6 4. Bb5 Bb4 5. O-O O-O 6. d3 d6 7. Bg5 Bxc3 8.
bxc3 h6 9. Bh4 Bd7 10. Bxc6 Bxc6 11. h3 Qe7 12. c4 Qe6 13. Bxf6 Qxf6 14. Nh2
Bd7 15. Qh5 Qg5 16. Qxg5 hxg5 17. Ng4 Bxg4 18. hxg4 f6 1/2-1/2

[Event "Bochumer SV 1 - SV Wattenscheid 1"]
[Site "Oberliga NRW 2017/2018"]
[Date "2017.09.17"]
[Round "1.2"]
[White "Zatonskih, Anna"]
[Black "Wengenroth, Walter"]
[Result "1-0"]
[WhiteElo "2437"]
[BlackElo "2250"]
[PlyCount "91"]
[EventDate "2017.??.??"]
[WhiteTeam "Bochumer SV 1"]
[BlackTeam "SV Wattenscheid 1"]

1. d4 Nf6 2. c4 e6 3. Nc3 Bb4 4. e3 O-O 5. Nge2 Re8 6. a3 Bf8 7. g3 d5 8. cxd5
exd5 9. Bg2 a5 10. O-O c6 11. Nf4 Na6 12. b3 Nc7 13. Bb2 Ne6 14. Nce2 Ng5 15.
Nc1 Nfe4 16. Ncd3 a4 17. b4 Nd6 18. Ra2 Nc4 19. Ba1 Bd6 20. Re1 Ne6 21. Ne5
Bxe5 22. dxe5 Ng5 23. h4 Ne4 24. Nd3 Qc7 25. Kh2 Bf5 26. f3 Rad8 27. Qc2 Nxg3
28. Kxg3 Bxd3 29. Qxd3 f6 30. Kf2 fxe5 31. Rh1 b5 32. Re2 Rf8 33. Rh3 Rf7 34.
Ke1 Rdf8 35. h5 h6 36. Kd1 Qe7 37. f4 Qd7 38. Rg3 d4 39. fxe5 Nxe3+ 40. Rexe3
dxe3 41. Qxd7 Rxd7+ 42. Ke1 Rfd8 43. Bf3 Re7 44. Be2 Rd2 45. Rxe3 Ra2 46. Bd4
1-0

[Event "Bochumer SV 1 - SV Wattenscheid 1"]
[Site "Oberliga NRW 2017/2018"]
[Date "2017.09.17"]
[Round "1.3"]
[White "Sandkamp, Ralph"]
[Black "Schneider, Bernd"]
[Result "1/2-1/2"]
[WhiteElo "2215"]
[BlackElo "2268"]
[PlyCount "37"]
[EventDate "2017.??.??"]
[WhiteTeam "SV Wattenscheid 1"]
[BlackTeam "Bochumer SV 1"]

1. e4 g6 2. d4 Bg7 3. Nc3 c6 4. Nf3 d5 5. h3 Nf6 6. Bd3 dxe4 7. Nxe4 Nxe4 8.
Bxe4 Nd7 9. O-O O-O 10. Re1 c5 11. c3 cxd4 12. Nxd4 Nc5 13. Bc2 e5 14. Nb5 Bd7
15. Nd6 Qc7 16. Be3 b6 17. Ne4 Nxe4 18. Bxe4 Bc6 19. Bxc6 1/2-1/2

[Event "Bochumer SV 1 - SV Wattenscheid 1"]
[Site "Oberliga NRW 2017/2018"]
[Date "2017.09.17"]
[Round "1.4"]
[White "Heinbuch, Detlef Ulrich"]
[Black "Straeter, Timo"]
[Result "0-1"]
[WhiteElo "2239"]
[BlackElo "2305"]
[PlyCount "56"]
[EventDate "2017.??.??"]
[WhiteTeam "Bochumer SV 1"]
[BlackTeam "SV Wattenscheid 1"]

1. c4 c6 2. Nf3 Nf6 3. d4 d5 4. cxd5 cxd5 5. Nc3 Nc6 6. Bf4 a6 7. e3 Bg4 8. Be2
Bxf3 9. Bxf3 e6 10. O-O Bd6 11. Ne2 O-O 12. Rc1 Rc8 13. Qa4 h6 14. Bxd6 Qxd6
15. Nf4 Nxd4 16. Qxd4 e5 17. Qd2 exf4 18. exf4 Qb6 19. Rfd1 Rxc1 20. Rxc1 Rd8
21. Rc3 Ne4 22. Bxe4 dxe4 23. Qc2 Qxb2 24. g3 Qxc2 25. Rxc2 Rd1+ 26. Kg2 b5 27.
f5 Kf8 28. f3 e3 0-1

[Event "Bochumer SV 1 - SV Wattenscheid 1"]
[Site "Oberliga NRW 2017/2018"]
[Date "2017.09.17"]
[Round "1.5"]
[White "Koerber, Matthias"]
[Black "Wolter, Detlev"]
[Result "1/2-1/2"]
[WhiteElo "2195"]
[BlackElo "2211"]
[PlyCount "49"]
[EventDate "2017.??.??"]
[WhiteTeam "SV Wattenscheid 1"]
[BlackTeam "Bochumer SV 1"]

1. d4 Nf6 2. c4 g6 3. g3 Bg7 4. Bg2 O-O 5. Nc3 d6 6. Nf3 Nc6 7. b3 a6 8. Bb2
Rb8 9. Rc1 Bf5 10. Nh4 Bd7 11. O-O b5 12. Nd5 bxc4 13. Ne3 e6 14. Qd2 g5 15.
Nf3 Ne4 16. Qc2 d5 17. bxc4 Nb4 18. Qb1 f5 19. Qa1 f4 20. gxf4 gxf4 21. Ng4 Nc6
22. Rfd1 h5 23. Nge5 Nxe5 24. dxe5 c6 25. Rc2 1/2-1/2

[Event "Bochumer SV 1 - SV Wattenscheid 1"]
[Site "Oberliga NRW 2017/2018"]
[Date "2017.09.17"]
[Round "1.6"]
[White "Kiese, Matthias"]
[Black "Kaehmann, Joerg"]
[Result "1/2-1/2"]
[WhiteElo "2181"]
[BlackElo "2135"]
[Annotator "Daniel"]
[PlyCount "57"]
[EventDate "2017.??.??"]
[WhiteTeam "Bochumer SV 1"]
[BlackTeam "SV Wattenscheid 1"]

1. d4 d5 2. Nf3 Nf6 3. c4 e6 4. Nc3 Be7 5. Bg5 Nbd7 6. e3 a6 7. cxd5 Nxd5 8.
Bxe7 Qxe7 9. Rc1 c6 10. Bd3 Nxc3 11. Rxc3 e5 12. dxe5 Nxe5 13. Nxe5 Qxe5 14.
O-O O-O 15. Qe2 Re8 16. f4 Qe7 17. e4 b5 18. Rfc1 Bd7 19. Rc5 Rad8 20. e5 f6
$11 21. Qc2 g6 22. g3 fxe5 23. Rxe5 Qg7 24. Rce1 Rxe5 25. Rxe5 Re8 26. Qc5 Rxe5
27. fxe5 Qf8 28. Qd4 Bh3 29. Qe3 1/2-1/2

[Event "Bochumer SV 1 - SV Wattenscheid 1"]
[Site "Oberliga NRW 2017/2018"]
[Date "2017.09.17"]
[Round "1.7"]
[White "Hirsch, Stefan"]
[Black "Jellinghaus, Lars"]
[Result "0-1"]
[WhiteElo "2139"]
[BlackElo "2109"]
[PlyCount "64"]
[EventDate "2017.??.??"]
[WhiteTeam "SV Wattenscheid 1"]
[BlackTeam "Bochumer SV 1"]

1. e4 e6 2. Qe2 Be7 3. g3 d5 4. d3 Nf6 5. Bg2 O-O 6. Nf3 c5 7. O-O Nc6 8. Re1
b5 9. Nbd2 b4 10. Nf1 a5 11. e5 Ne8 12. h4 Nc7 13. Bg5 Nb5 14. N1h2 Ba6 15. Qd2
a4 16. Ng4 a3 17. b3 Ncd4 18. Bxe7 Qxe7 19. Ng5 Rac8 20. Ne3 Rfd8 21. Qd1 c4
22. bxc4 dxc4 23. Qh5 h6 24. Be4 Nc3 25. Ng4 Nxe4 26. dxe4 hxg5 27. Kg2 Bb7 28.
hxg5 Qc5 29. Nf6+ Kf8 30. Qh8+ Ke7 31. Qxg7 Nf5 32. Qh7 Rh8 0-1

[Event "Bochumer SV 1 - SV Wattenscheid 1"]
[Site "Oberliga NRW 2017/2018"]
[Date "2017.09.17"]
[Round "1.8"]
[White "Pewny, Uwe"]
[Black "Schlehoefer, Ralf"]
[Result "1/2-1/2"]
[WhiteElo "2172"]
[BlackElo "2216"]
[PlyCount "111"]
[EventDate "2017.??.??"]
[WhiteTeam "Bochumer SV 1"]
[BlackTeam "SV Wattenscheid 1"]

1. c4 e6 2. Nf3 d5 3. g3 Nf6 4. Bg2 Be7 5. O-O O-O 6. d4 dxc4 7. Ne5 c5 8. dxc5
Qc7 9. Nxc4 Qxc5 10. b3 Rd8 11. Nbd2 Nc6 12. Bb2 Bd7 13. Rc1 Qh5 14. e3 Qxd1
15. Rfxd1 Rac8 16. Bxf6 gxf6 17. Ne4 Nb4 18. Ned6 Bxd6 19. Nxd6 Rxc1 20. Rxc1
Bc6 21. Nxb7 Bxb7 22. Bxb7 Rd2 23. Bf3 Rxa2 24. Rc7 Nd3 25. Bh5 Ne5 26. f4 Ng6
27. Bf3 Kf8 28. Rb7 Ne7 29. Be4 f5 30. Bf3 Ng8 31. Bh5 Ne7 32. Bf3 a5 33. Rb5
Ng8 34. e4 fxe4 35. Bxe4 Nf6 36. Bf3 h6 37. h3 Ne8 38. Rb8 Ke7 39. Rb7+ Kf6 40.
Rd7 Ng7 41. g4 a4 42. bxa4 Rxa4 43. f5 exf5 44. gxf5 Nxf5 45. Bh5 Ke6 46. Rb7
Nd6 47. Rb3 f5 48. Kg2 Ra2+ 49. Kf3 Ne4 50. Rb6+ Ke5 51. Rb5+ Kf6 52. Kf4 Rf2+
53. Bf3 Ng5 54. Rxf5+ Kg6 55. Kg3 Rf1 56. Rf4 1/2-1/2

[Event "Oberhausener SV 1 - SG Porz 2"]
[Site "Oberliga NRW 2017/2018"]
[Date "2017.09.17"]
[Round "1.1"]
[White "Fieberg, Samuel"]
[Black "Hort, Vlastimil"]
[Result "1/2-1/2"]
[WhiteElo "2192"]
[BlackElo "2391"]
[PlyCount "51"]
[EventDate "2017.??.??"]
[WhiteTeam "SG Porz 2"]
[BlackTeam "Oberhausener SV 1"]

1. e4 e5 2. Nf3 Nc6 3. Bc4 Bc5 4. c3 Nf6 5. d3 a6 6. O-O Ba7 7. a4 d6 8. a5 h6
9. Qb3 O-O 10. Be3 Ne7 11. Bxa7 Rxa7 12. Nbd2 Ng6 13. Rfe1 Nh7 14. Nf1 Bg4 15.
Re3 Nf4 16. Ng3 Qf6 17. Ne1 h5 18. f3 Bd7 19. Ne2 h4 20. Nxf4 Qxf4 21. Re2 Ng5
22. Rf2 Be6 23. Rd1 Qe3 24. Nc2 Qf4 25. Ne1 Qe3 26. Nc2 1/2-1/2

[Event "Oberhausener SV 1 - SG Porz 2"]
[Site "Oberliga NRW 2017/2018"]
[Date "2017.09.17"]
[Round "1.2"]
[White "Litwak, Aleksej"]
[Black "Pauly, Carlo"]
[Result "0-1"]
[WhiteElo "2306"]
[BlackElo "2268"]
[PlyCount "80"]
[EventDate "2017.??.??"]
[WhiteTeam "Oberhausener SV 1"]
[BlackTeam "SG Porz 2"]

1. e4 c5 2. Nf3 d6 3. d4 cxd4 4. Nxd4 Nf6 5. Nc3 a6 6. Be2 Nbd7 7. O-O g6 8. f4
Bg7 9. Be3 O-O 10. Kh1 Re8 11. Bf3 e5 12. Nb3 Qc7 13. f5 b5 14. fxg6 hxg6 15.
Bg4 Bb7 16. Bxd7 Qxd7 17. Qd3 b4 18. Nd5 Nxd5 19. exd5 e4 20. Qc4 a5 21. Rf2
Bxb2 22. Rb1 Bc3 23. Nd4 Ba6 24. Qc6 Qxc6 25. dxc6 Bc4 26. Rf6 Bxa2 27. Rd1 a4
28. Rxd6 Bc4 29. c7 a3 30. Nc6 a2 31. Rd8 Kh7 32. Nb8 a1=Q 33. Rxa1 Rxa1+ 34.
Bg1 Be6 35. Rxe8 Bd4 36. h4 Bxg1 37. c8=Q Bxc8 38. Rxc8 Bd4+ 39. Kh2 Be5+ 40.
g3 e3 0-1

[Event "Oberhausener SV 1 - SG Porz 2"]
[Site "Oberliga NRW 2017/2018"]
[Date "2017.09.17"]
[Round "1.3"]
[White "Wagenknecht, Uwe"]
[Black "Becker, Marcel"]
[Result "1/2-1/2"]
[WhiteElo "2214"]
[BlackElo "2268"]
[PlyCount "48"]
[EventDate "2017.??.??"]
[WhiteTeam "SG Porz 2"]
[BlackTeam "Oberhausener SV 1"]

1. c4 c6 2. e4 d5 3. cxd5 cxd5 4. exd5 Nf6 5. Qa4+ Nbd7 6. Nc3 g6 7. Nf3 Bg7 8.
Bb5 O-O 9. Bxd7 Bxd7 10. Qb3 Bc8 11. d4 b6 12. Bg5 Bb7 13. Bxf6 Bxf6 14. O-O e6
15. dxe6 Bxf3 16. gxf3 Qxd4 17. Rad1 Qh4 18. Ne4 Be5 19. Ng3 Qf6 20. Rfe1 fxe6
21. f4 Qxf4 22. Qxe6+ Rf7 23. Qxe5 Qxf2+ 24. Kh1 Qf3+ 1/2-1/2

[Event "Oberhausener SV 1 - SG Porz 2"]
[Site "Oberliga NRW 2017/2018"]
[Date "2017.09.17"]
[Round "1.4"]
[White "Stillger, Bernhard"]
[Black "Liard, Thibaud"]
[Result "1-0"]
[WhiteElo "2303"]
[BlackElo "2153"]
[PlyCount "67"]
[EventDate "2017.??.??"]
[WhiteTeam "Oberhausener SV 1"]
[BlackTeam "SG Porz 2"]

1. Nf3 c5 2. c4 Nc6 3. Nc3 g6 4. e3 Bg7 5. d4 d6 6. Be2 e5 7. dxc5 dxc5 8. O-O
Qxd1 9. Rxd1 Nge7 10. Ne4 b6 11. Nd6+ Kf8 12. Ng5 Nd8 13. Bd2 h6 14. Nxc8 Nxc8
15. Bc3 Ke7 16. Nf3 Nc6 17. Rd5 f6 18. Nh4 Kf7 19. Rd7+ N6e7 20. Rad1 f5 21. g3
Bf6 22. f4 e4 23. Bxf6 Kxf6 24. g4 a6 25. gxf5 gxf5 26. Rb7 Ra7 27. Rxa7 Nxa7
28. Rd6+ Kf7 29. Bh5+ Kg7 30. Rd7 Nac6 31. Nxf5+ Kf6 32. Nxe7 Nxe7 33. Rd6+ Kg7
34. Kf2 1-0

[Event "Oberhausener SV 1 - SG Porz 2"]
[Site "Oberliga NRW 2017/2018"]
[Date "2017.09.17"]
[Round "1.6"]
[White "Kummerow, Heiko"]
[Black "Sabirov, Ramil"]
[Result "1/2-1/2"]
[WhiteElo "2177"]
[BlackElo "2102"]
[PlyCount "33"]
[EventDate "2017.??.??"]
[WhiteTeam "Oberhausener SV 1"]
[BlackTeam "SG Porz 2"]

1. e4 c5 2. Nf3 e6 3. d4 cxd4 4. Nxd4 Nc6 5. Nc3 Qc7 6. Be3 a6 7. Qf3 Nf6 8.
Be2 Bb4 9. O-O O-O 10. Rad1 Nxd4 11. Rxd4 Bxc3 12. bxc3 d6 13. e5 dxe5 14. Rc4
Qa5 15. Bg5 e4 16. Qg3 Qf5 17. Bxf6 1/2-1/2

[Event "Oberhausener SV 1 - SG Porz 2"]
[Site "Oberliga NRW 2017/2018"]
[Date "2017.09.17"]
[Round "1.7"]
[White "Paulus, Jeffrey"]
[Black "Ciornei, Dragos"]
[Result "1/2-1/2"]
[WhiteElo "2027"]
[BlackElo "2050"]
[Annotator "Daniel"]
[PlyCount "63"]
[EventDate "2017.??.??"]
[WhiteTeam "SG Porz 2"]
[BlackTeam "Oberhausener SV 1"]

1. d4 Nf6 2. c4 g6 3. Nc3 Bg7 4. e4 d6 5. f4 O-O 6. Nf3 c5 7. d5 e6 8. Be2 exd5
9. cxd5 Bg4 10. O-O Nbd7 11. h3 Bxf3 12. Bxf3 a6 13. g4 b5 14. g5 Ne8 15. Qc2
Rb8 16. Be3 b4 17. Ne2 Nc7 18. Rad1 Nb5 19. e5 dxe5 20. f5 e4 21. Bxe4 Nd4 22.
Nxd4 Bxd4 23. Bxd4 Qxg5+ 24. Qg2 Qxg2+ 25. Bxg2 cxd4 26. Rxd4 a5 $11 27. d6 Rb6
28. fxg6 hxg6 29. Rc1 Rd8 30. Rc7 Kg7 31. Ra7 Nf6 32. d7 1/2-1/2

[Event "Oberhausener SV 1 - SG Porz 2"]
[Site "Oberliga NRW 2017/2018"]
[Date "2017.09.17"]
[Round "1.8"]
[White "Voge, Andreas"]
[Black "Heedt, Thorsten"]
[Result "1/2-1/2"]
[WhiteElo "2052"]
[BlackElo "2004"]
[PlyCount "24"]
[EventDate "2017.??.??"]
[WhiteTeam "Oberhausener SV 1"]
[BlackTeam "SG Porz 2"]

1. e4 g6 2. d4 Bg7 3. Nc3 c6 4. Nf3 d5 5. Be2 dxe4 6. Nxe4 Nh6 7. O-O Nf5 8. c3
O-O 9. Bf4 b6 10. Bc4 Ba6 11. Bxa6 Nxa6 12. Qa4 Qc8 1/2-1/2

[Event "SF Essen-Katernberg  1 - Bahn-SC Wupper"]
[Site "Oberliga NRW 2017/2018"]
[Date "2017.09.17"]
[Round "1.1"]
[White "Savchenko, Vyacheslav"]
[Black "Siebrecht, Sebastian"]
[Result "0-1"]
[WhiteElo "2372"]
[BlackElo "2410"]
[PlyCount "94"]
[EventDate "2017.??.??"]
[WhiteTeam "Bahn-SC Wuppertal 1"]
[BlackTeam "SF Essen-Katernberg  1"]

1. e4 c5 2. Nf3 e6 3. d4 cxd4 4. Nxd4 a6 5. Bd3 Nf6 6. Qe2 d6 7. O-O Nbd7 8.
Kh1 Ne5 9. f4 Nxd3 10. cxd3 Be7 11. Nc3 O-O 12. Be3 Re8 13. f5 e5 14. Nf3 b5
15. Bg5 Bb7 16. Rae1 Rc8 17. Nd1 Qa5 18. b3 h6 19. Bxf6 Bxf6 20. Ne3 Qd8 21.
Ng4 Qe7 22. h3 Rc5 23. b4 Rc7 24. Rc1 Rec8 25. Rxc7 Rxc7 26. Qe3 d5 27. exd5
Bxd5 28. a3 Rc3 29. Rc1 Rxa3 30. Rc5 Bb7 31. Nxf6+ Qxf6 32. Rc7 Bd5 33. Rc5
Bxf3 34. Qxf3 Kh7 35. Qe4 Ra4 36. Kh2 h5 37. Rc8 a5 38. Qf3 Rxb4 39. Qxh5+ Qh6
40. Qe2 Qf4+ 41. g3 Qxf5 42. Rc5 f6 43. d4 a4 44. dxe5 a3 45. Rc2 Qxe5 46. Qd3+
Qe4 47. Qd2 Rb1 0-1

[Event "SF Essen-Katernberg  1 - Bahn-SC Wupper"]
[Site "Oberliga NRW 2017/2018"]
[Date "2017.09.17"]
[Round "1.3"]
[White "Savchenko, Aleksij"]
[Black "Rosen, Bernd"]
[Result "1-0"]
[WhiteElo "2260"]
[BlackElo "2262"]
[PlyCount "81"]
[EventDate "2017.??.??"]
[WhiteTeam "Bahn-SC Wuppertal 1"]
[BlackTeam "SF Essen-Katernberg  1"]

1. e4 e6 2. d4 d5 3. e5 c5 4. dxc5 Nc6 5. Nf3 Bxc5 6. Bd3 f6 7. Qe2 fxe5 8.
Nxe5 Nxe5 9. Qxe5 Nf6 10. Be3 Bd6 11. Qg5 O-O 12. f4 Qe7 13. Nc3 e5 14. O-O-O
Bg4 15. Rde1 h6 16. Qh4 e4 17. Be2 Be6 18. Rd1 Bc5 19. Qf2 Rac8 20. Bxc5 Qxc5
21. Qxc5 Rxc5 22. h3 Rfc8 23. g4 Nd7 24. Rd4 Nb8 25. Bb5 Nc6 26. Bxc6 bxc6 27.
Ra4 a5 28. Ne2 Bd7 29. Nd4 Rb8 30. Nb3 Rcb5 31. Rd1 h5 32. f5 hxg4 33. hxg4 Rb4
34. Rxa5 e3 35. Ra7 Be8 36. Rg1 Rf4 37. Re7 d4 38. Nc5 Kf8 39. Rc7 Bf7 40. Nd7+
Kg8 41. Nxb8 1-0

[Event "SF Essen-Katernberg  1 - Bahn-SC Wupper"]
[Site "Oberliga NRW 2017/2018"]
[Date "2017.09.17"]
[Round "1.4"]
[White "Wessendorf, Thomas"]
[Black "Bashilin, Roman"]
[Result "1/2-1/2"]
[WhiteElo "2196"]
[BlackElo "2221"]
[Annotator "Daniel"]
[PlyCount "151"]
[EventDate "2017.??.??"]
[WhiteTeam "SF Essen-Katernberg  1"]
[BlackTeam "Bahn-SC Wuppertal 1"]

1. e4 e6 2. d4 d5 3. Nd2 Nf6 4. e5 Nfd7 5. Bd3 c5 6. c3 Nc6 7. Ne2 cxd4 8. cxd4
f6 9. exf6 Nxf6 10. O-O Bd6 11. Nf3 Qc7 12. g3 O-O 13. Bf4 Ng4 14. Rc1 Bxf4 15.
Nxf4 Rxf4 16. gxf4 Qxf4 17. Rc3 e5 18. Qd2 Qxd2 19. Nxd2 Nxd4 20. f3 Nh6 21.
Re1 Nf7 22. Rc7 g6 23. Kf2 Be6 24. Rxb7 Rf8 25. Kg3 Rc8 26. Rxa7 Bf5 27. Bf1
Rc2 28. Nb3 Ne6 29. Re2 Rc8 30. Rd2 Nf4 31. a4 Bc2 32. Ba6 Rc6 33. Bb5 Rc8 34.
Na5 Nd6 35. Bc6 Nf5+ 36. Kf2 Bd3 37. Ra8 Rxa8 38. Bxa8 e4 39. fxe4 dxe4 $11 40.
Bxe4 Bxe4 41. Nc4 Nd3+ 42. Ke2 Nf4+ 43. Kd1 Nd3 44. a5 Nb4 45. Rd7 g5 46. Kd2
h5 47. Nd6 Nxd6 48. Rxd6 Nd5 49. a6 Kf8 50. Re6 Bh1 51. a7 Nc7 52. Re5 h4 53.
Rxg5 h3 54. Rh5 Bg2 55. Rh7 Na8 56. Ke3 Kg8 57. Rd7 Nb6 58. Rd4 Kf7 59. Kf2 Ke7
60. Kg3 Ke8 61. Rh4 Kd8 62. Rxh3 Bxh3 63. Kxh3 Kc8 64. Kg4 Kb7 65. h4 Nd7 66.
Kf5 Kxa7 67. Ke6 Nf8+ 68. Kf7 Nd7 69. h5 Ne5+ 70. Kf6 Ng4+ 71. Kg5 Ne5 72. Kf5
Nf7 73. Kf6 Nh6 74. Kg7 Ng4 75. Kg6 Kb6 76. Kg5 1/2-1/2

[Event "SF Essen-Katernberg  1 - Bahn-SC Wupper"]
[Site "Oberliga NRW 2017/2018"]
[Date "2017.09.17"]
[Round "1.5"]
[White "Ries, Benjamin"]
[Black "Kueppers, Timo"]
[Result "1-0"]
[WhiteElo "2191"]
[BlackElo "2124"]
[PlyCount "61"]
[EventDate "2017.??.??"]
[WhiteTeam "Bahn-SC Wuppertal 1"]
[BlackTeam "SF Essen-Katernberg  1"]

1. d4 Nf6 2. c4 e6 3. Nc3 Bb4 4. e3 O-O 5. Nge2 c6 6. a3 Ba5 7. Bd2 d5 8. cxd5
exd5 9. Ng3 Nbd7 10. Bd3 Re8 11. O-O Bc7 12. Qc2 h5 13. f3 Nf8 14. Rae1 h4 15.
Nh1 Qd6 16. f4 a5 17. Re2 Bg4 18. Ref2 Re7 19. h3 Bd7 20. Rf3 Rc8 21. Be1 Rce8
22. Nd1 g5 23. g4 Ne4 24. fxg5 Nxg5 25. Bxh4 Nxf3+ 26. Rxf3 Re6 27. Bg3 Qe7 28.
Bxc7 Ng6 29. Bxg6 Rxg6 30. Be5 f5 31. Ng3 1-0

[Event "SF Essen-Katernberg  1 - Bahn-SC Wupper"]
[Site "Oberliga NRW 2017/2018"]
[Date "2017.09.17"]
[Round "1.6"]
[White "Dahm, Bernd"]
[Black "Khanukov, Boris"]
[Result "1/2-1/2"]
[WhiteElo "2132"]
[BlackElo "2242"]
[Annotator "Daniel"]
[PlyCount "137"]
[EventDate "2017.??.??"]
[WhiteTeam "SF Essen-Katernberg  1"]
[BlackTeam "Bahn-SC Wuppertal 1"]

1. d4 Nf6 2. c4 e6 3. Nc3 Bb4 4. Qc2 O-O 5. Nf3 c5 6. dxc5 Bxc5 7. e3 Nc6 8. a3
d5 9. b4 Be7 10. Bb2 Bd7 11. Rd1 Rc8 12. Qb3 dxc4 13. Bxc4 a6 14. O-O b5 15.
Be2 $11 Qc7 16. Rc1 Rfd8 17. Rfd1 h6 18. h3 Qb6 19. Rd2 Be8 20. Rcd1 Rxd2 21.
Rxd2 Rd8 22. Qd1 Rxd2 23. Qxd2 Qc7 24. Kf1 Bf8 25. Kg1 Nd7 26. Nb1 Nb6 27. Qc2
Qd6 28. Nbd2 Qd5 29. Qb3 Ne7 30. Nd4 Na4 31. Ba1 e5 32. Qxd5 Nxd5 33. N4b3 f6
34. Na5 Kf7 35. Bg4 Nab6 36. Bd1 Ke6 37. Bb3 Kd6 38. Ne4+ Kc7 39. Nc5 Bd7 40.
Nxa6+ Kc8 41. Nc5 Nc7 42. Nxd7 Kxd7 43. Bc3 Ncd5 44. Bd2 Ne7 45. Bc2 Nc6 46.
Nxc6 Kxc6 47. Bd3 Bd6 48. Kf1 Nc8 49. Ke2 Bb8 50. Bc2 Nb6 51. Kf3 Nc8 52. a4
bxa4 53. Bxa4+ Kb6 54. Ke4 Ne7 55. g4 Bd6 56. Bd7 Kc7 57. Be6 Kb6 $11 58. Bc4
Kc7 59. Kd3 Kb6 60. e4 Kc7 61. Bd5 Nc8 62. Kc4 Be7 63. Bg8 Bf8 64. Be6 Nd6+ 65.
Kd3 Nb5 66. Bc4 Nd4 67. Be3 Bxb4 68. Bxd4 exd4 69. Kxd4 1/2-1/2

[Event "SF Essen-Katernberg  1 - Bahn-SC Wupper"]
[Site "Oberliga NRW 2017/2018"]
[Date "2017.09.17"]
[Round "1.7"]
[White "Tueckmantel, Rene"]
[Black "Heldt, Maximilian"]
[Result "1-0"]
[WhiteElo "2114"]
[BlackElo "2122"]
[Annotator "Daniel"]
[PlyCount "69"]
[EventDate "2017.??.??"]
[WhiteTeam "Bahn-SC Wuppertal 1"]
[BlackTeam "SF Essen-Katernberg  1"]

1. e4 c5 2. Nc3 Nc6 3. g3 g6 4. Bg2 Bg7 5. d3 e6 6. Be3 d6 7. Qd2 Rb8 8. Nge2
b5 9. O-O Nge7 10. Bh6 O-O 11. Bxg7 Kxg7 12. d4 b4 13. Nd1 Ba6 14. d5 exd5 15.
exd5 Ne5 16. Ne3 Nc4 17. Nxc4 Bxc4 18. Rfe1 Bxe2 19. Rxe2 Nf5 20. Rae1 Qa5 21.
a3 Qa4 22. axb4 Nd4 23. Re4 Rxb4 24. c3 Nb3 25. Rxb4 Qxb4 26. cxb4 Nxd2 27.
bxc5 dxc5 28. Rd1 Nc4 29. Rc1 Nxb2 $11 30. Rxc5 Rd8 31. Rc7 a5 32. Rb7 Nc4 33.
Ra7 Kf6 34. f4 Re8 35. Kf2 1-0

[Event "SF Essen-Katernberg  1 - Bahn-SC Wupper"]
[Site "Oberliga NRW 2017/2018"]
[Date "2017.09.17"]
[Round "1.8"]
[White "Stratmann, Holger"]
[Black "Savchenko, Daniel"]
[Result "1/2-1/2"]
[WhiteElo "1997"]
[BlackElo "2047"]
[PlyCount "73"]
[EventDate "2017.??.??"]
[WhiteTeam "SF Essen-Katernberg  1"]
[BlackTeam "Bahn-SC Wuppertal 1"]

1. e4 c5 2. Nf3 e6 3. d3 d5 4. Nbd2 Nc6 5. g3 Nf6 6. Bg2 dxe4 7. dxe4 Be7 8.
O-O Qc7 9. Re1 O-O 10. c3 a6 11. a4 Rd8 12. Qc2 Na5 13. b3 b5 14. axb5 axb5 15.
e5 Nd5 16. Ne4 Bb7 17. Bg5 h6 18. Bxe7 Qxe7 19. h4 Bc6 20. Nh2 c4 21. b4 Nb3
22. Rxa8 Rxa8 23. Ng4 Ra6 24. f4 Qa7+ 25. Qf2 Qa8 26. h5 Ra2 27. Re2 Rxe2 28.
Qxe2 Qa1+ 29. Qf1 Qb2 30. Qf2 Qa1+ 31. Qf1 Qa3 32. f5 Qa7+ 33. Kh2 Ne3 34. Nxe3
Qxe3 35. fxe6 fxe6 36. Nd6 Bxg2 37. Qf7+ 1/2-1/2

[Event "SV Mülheim-Nord 2 - SF Gerresheim 1"]
[Site "Oberliga NRW 2017/2018"]
[Date "2017.09.17"]
[Round "1.1"]
[White "Solodovnichenko, Yuri"]
[Black "Hausrath, Daniel"]
[Result "1-0"]
[WhiteElo "2609"]
[BlackElo "2471"]
[PlyCount "93"]
[EventDate "2017.??.??"]
[WhiteTeam "SF Gerresheim 1"]
[BlackTeam "SV Mülheim-Nord 2"]

1. e4 c5 2. Nf3 Nc6 3. d4 cxd4 4. Nxd4 g6 5. Nc3 Bg7 6. Be3 Nf6 7. Bc4 O-O 8.
Bb3 Re8 9. O-O d6 10. h3 Na5 11. Qd3 Bd7 12. Rfe1 Nxb3 13. axb3 a6 14. Nf3 Bc6
15. Nd5 Nd7 16. Bd4 Nc5 17. Qe3 Bxd4 18. Qxd4 e5 19. Qd2 Bxd5 20. Qxd5 Qc7 21.
b4 Ne6 22. Qd2 Rad8 23. Ra5 Qc6 24. c3 Kg7 25. Rd5 Qc7 26. Rd1 h5 27. g3 Qc4
28. Qd3 Qc7 29. Kg2 Qe7 30. Rxd6 Qf6 31. Rd5 Rxd5 32. Qxd5 Rd8 33. Qb3 Rxd1 34.
Qxd1 Ng5 35. Nxg5 Qxg5 36. h4 Qf6 37. Qd5 Qe7 38. b5 axb5 39. Qxb5 Qc7 40. c4
b6 41. b4 Qd6 42. c5 bxc5 43. Qxc5 Qf6 44. b5 g5 45. b6 gxh4 46. b7 h3+ 47.
Kxh3 1-0

[Event "SV Mülheim-Nord 2 - SF Gerresheim 1"]
[Site "Oberliga NRW 2017/2018"]
[Date "2017.09.17"]
[Round "1.2"]
[White "Buckels, Valentin"]
[Black "Orlov, Andrey"]
[Result "0-1"]
[WhiteElo "2301"]
[BlackElo "2454"]
[PlyCount "132"]
[EventDate "2017.??.??"]
[WhiteTeam "SV Mülheim-Nord 2"]
[BlackTeam "SF Gerresheim 1"]

1. d4 d6 2. Nf3 Bg4 3. c4 Nd7 4. g3 Bxf3 5. exf3 Ngf6 6. Bg2 c6 7. Nc3 e6 8. f4
Nb6 9. O-O Be7 10. Qe2 O-O 11. Re1 Re8 12. Be3 Bf8 13. h4 h5 14. Rad1 d5 15. b3
g6 16. Nb1 Nc8 17. Nd2 Nd6 18. Nf3 Nde4 19. Rc1 Bb4 20. Rf1 a5 21. a4 Ng4 22.
c5 f6 23. Rc2 Nxe3 24. Qxe3 b6 25. cxb6 Qxb6 26. Rfc1 Rac8 27. f5 gxf5 28. Qh6
Re7 29. Nh2 Rh7 30. Qg6+ Rg7 31. Qxh5 Qxd4 32. Bxe4 dxe4 33. Rd1 Qe5 34. Rxc6
Rxc6 35. Qe8+ Bf8 36. Qxc6 e3 37. Qf3 exf2+ 38. Kxf2 Rc7 39. Kg2 Qe4 40. Rd3
Rc2+ 41. Kh3 Qxf3 42. Nxf3 e5 43. Ne1 Rc1 44. Re3 e4 45. Kh2 Bd6 46. Ng2 Kf7
47. Re1 Rc3 48. Re3 Rc2 49. Re1 Rb2 50. Rd1 Be5 51. h5 Rxb3 52. Nf4 Bxf4 53.
gxf4 Rf3 54. Rd7+ Kg8 55. h6 Rxf4 56. h7+ Kh8 57. Kg3 Rf3+ 58. Kh4 Rd3 59. Re7
Rd5 60. Kg3 Re5 61. Rc7 e3 62. Rc1 Kxh7 63. Kf4 e2 64. Re1 Kg6 65. Rg1+ Kf7 66.
Re1 Ke6 0-1

[Event "SV Mülheim-Nord 2 - SF Gerresheim 1"]
[Site "Oberliga NRW 2017/2018"]
[Date "2017.09.17"]
[Round "1.3"]
[White "Stets, Dmitry"]
[Black "van Osch, Mees"]
[Result "1-0"]
[WhiteElo "2400"]
[BlackElo "2284"]
[PlyCount "73"]
[EventDate "2017.??.??"]
[WhiteTeam "SF Gerresheim 1"]
[BlackTeam "SV Mülheim-Nord 2"]

1. e4 e6 2. d4 d5 3. Nc3 Nf6 4. e5 Nfd7 5. f4 c5 6. Nf3 Nc6 7. Be3 a6 8. Qd2 b5
9. Be2 b4 10. Nd1 a5 11. O-O Qb6 12. c3 Ba6 13. Bxa6 Rxa6 14. Bf2 Be7 15. f5
Qb5 16. Ne3 Nb6 17. Rac1 g6 18. fxe6 fxe6 19. dxc5 Bxc5 20. Ng4 O-O 21. Qh6
Rxf3 22. gxf3 Nd7 23. cxb4 Bf8 24. Qh3 Ncxe5 25. Nxe5 Nxe5 26. Rc7 h5 27. Rc8
Qb7 28. b5 Qxc8 29. bxa6 Qxa6 30. Qg3 Bg7 31. Bd4 Nxf3+ 32. Rxf3 Bxd4+ 33. Kh1
e5 34. Qg5 Kg7 35. Qe7+ Kh6 36. Qf8+ Kg5 37. Rg3+ 1-0

[Event "SV Mülheim-Nord 2 - SF Gerresheim 1"]
[Site "Oberliga NRW 2017/2018"]
[Date "2017.09.17"]
[Round "1.4"]
[White "Kahleys, Kevin"]
[Black "Orzech, Dominik"]
[Result "1/2-1/2"]
[WhiteElo "2185"]
[BlackElo "2407"]
[PlyCount "28"]
[EventDate "2017.??.??"]
[WhiteTeam "SV Mülheim-Nord 2"]
[BlackTeam "SF Gerresheim 1"]

1. Nf3 Nf6 2. d4 d5 3. g3 g6 4. Bg2 Bg7 5. O-O O-O 6. c4 dxc4 7. Na3 Nc6 8.
Nxc4 Be6 9. b3 Bd5 10. Bb2 a5 11. Rc1 a4 12. Qd2 axb3 13. axb3 Ra2 14. Ra1 Rxa1
1/2-1/2